000 01456nam a2200229Ia 4500
001 10490
003 GE_BSU
008 181216s||||||||xx |||||||||||||| ||und||
040 _cGE_BSU
080 _a821.353.1-1
245 _aქართული პოეზია. 15 ტომად:ტ.5.იოსებ სააკაძე;ვახტანგ მეექვსე;მამუკა ბარათაშვილი;დიმიტრი სააკაძე,თეიმურაზ მეორე
245 _bბესიკი;ნარგიზოვანი;მანანა;გოდერძი ფირალიშვილი
245 _cსარედ. კოლ.: გრ. აბაშიძე, ან. კალანდაძე, მ. ლებანიძე და სხვ.ტომი შეადგ.ლევან მენაბდემ.მხატვ.დ.დუნდუა.რედ ა. ბრეგაძე
260 _aთბილისი
260 _bნაკადული
260 _c1976
300 _a623გვ;18სმ.
300 _cლექსიკონი გვ.572-618
653 _aიოსებ სააკაძე;ვახტანგ მეექვსე;მამუკა ბარათაშვილი;დიმიტრი სააკაძე,თეიმურაზ მეორე
653 _aქართული პოეზია
942 _cBK
999 _c43745
_d43745